<?xml version="1.0" encoding="UTF-8"?>
<resp>
  <nextPage>https://data.bn.org.pl/api/networks/bibs.marcxml?marc=001+b0000640005268&amp;sinceId=640005269</nextPage>
  <collection>
    <record xmlns='http://www.loc.gov/MARC21/slim'><leader>01605nam a2200445 i 4500</leader><controlfield tag='001'>b0000640005268</controlfield><controlfield tag='005'>20251108084428.2</controlfield><controlfield tag='008'>170504s1956    pl ab        |000 0 pol  </controlfield><controlfield tag='009'>9912861144905606</controlfield><datafield ind1=' ' ind2=' ' tag='035'><subfield code='a'>RAD_1RAD_1_75853-48omnis_rad</subfield></datafield><datafield ind1=' ' ind2=' ' tag='035'><subfield code='a'>RAD_1_75853</subfield></datafield><datafield ind1=' ' ind2=' ' tag='035'><subfield code='a'>(OCoLC)836124957</subfield></datafield><datafield ind1=' ' ind2=' ' tag='035'><subfield code='a'>(PL)b0000640005268</subfield></datafield><datafield ind1=' ' ind2=' ' tag='040'><subfield code='a'>RADZYŃ 002</subfield><subfield code='c'>RADZYŃ 002</subfield></datafield><datafield ind1='1' ind2=' ' tag='041'><subfield code='a'>pol</subfield><subfield code='h'>rus</subfield></datafield><datafield ind1='1' ind2=' ' tag='100'><subfield code='a'>Bončkovskij, Vâčeslav Francevič</subfield></datafield><datafield ind1='1' ind2='0' tag='245'><subfield code='a'>Budowa wnętrza Ziemi /</subfield><subfield code='c'>W. Bonczkowski ; [tł. z jęz. ros. Wiesława Rączkowska i Halina Fabiani].</subfield></datafield><datafield ind1='1' ind2=' ' tag='246'><subfield code='i'>Tyt. oryg.:</subfield><subfield code='a'>Vnutrennee stroenie Zemli</subfield></datafield><datafield ind1=' ' ind2=' ' tag='260'><subfield code='a'>Warszawa :</subfield><subfield code='b'>Państwowe Wydawnictwo Naukowe,</subfield><subfield code='c'>dr. 1956.</subfield></datafield><datafield ind1=' ' ind2=' ' tag='300'><subfield code='a'>236, [2] s., [1] k. tabl. :</subfield><subfield code='b'>il., mapy ;</subfield><subfield code='c'>20 cm.</subfield></datafield><datafield ind1=' ' ind2=' ' tag='336'><subfield code='a'>Tekst</subfield><subfield code='b'>txt</subfield><subfield code='2'>rdacontent</subfield></datafield><datafield ind1=' ' ind2=' ' tag='337'><subfield code='a'>Bez urządzenia pośredniczącego</subfield><subfield code='b'>n</subfield><subfield code='2'>rdamedia</subfield></datafield><datafield ind1=' ' ind2=' ' tag='338'><subfield code='a'>Wolumin</subfield><subfield code='b'>nc</subfield><subfield code='2'>rdacarrier</subfield></datafield><datafield ind1=' ' ind2=' ' tag='380'><subfield code='a'>Książki.</subfield></datafield><datafield ind1='1' ind2=' ' tag='490'><subfield code='a'>Monografie Popularnonaukowe. Fizyka</subfield></datafield><datafield ind1=' ' ind2=' ' tag='500'><subfield code='a'>R. wyd.: 1955.</subfield></datafield><datafield ind1=' ' ind2='7' tag='650'><subfield code='a'>Geologia</subfield></datafield><datafield ind1='1' ind2=' ' tag='700'><subfield code='a'>Rączkowska, Wiesława</subfield><subfield code='e'>Tłumaczenie</subfield></datafield><datafield ind1='1' ind2=' ' tag='700'><subfield code='a'>Fabiani, Halina</subfield><subfield code='e'>Tłumaczenie</subfield></datafield><datafield ind1='2' ind2=' ' tag='710'><subfield code='a'>Wydawnictwo Naukowe PWN</subfield><subfield code='4'>pbl</subfield></datafield><datafield ind1=' ' ind2='0' tag='830'><subfield code='a'>Monografie Popularnonaukowe (Państwowe Wydawnictwo Naukowe).</subfield><subfield code='p'>Fizyka</subfield><subfield code='1'>t 00065712</subfield></datafield><datafield ind1=' ' ind2=' ' tag='852'><subfield code='b'>48OMNIS_NETWORK</subfield><subfield code='8'>9912861144905606</subfield></datafield><datafield ind1=' ' ind2=' ' tag='852'><subfield code='b'>48OMNIS_RAD</subfield><subfield code='8'>991000052689707910</subfield></datafield></record>
  </collection>
</resp>
